000 01054cam a2200313 4500
001 17560
005 20230411085829.0
008 060907s2004 ag spa
035 _9funglode17696
020 _z9509122866
020 _z9789509122864
035 _a(OCoLC)647511407
050 1 4 _aR H 49
_bD545 2004
049 _aGRAL
245 0 0 _aDiccionario de ciencias sociales y políticas /
_csupervisión de Torcuato S. Di Tella ; Hugo Chumbita, Paz Gajardo, Susana Gamba.
250 _a[2a ed.].
260 _aBuenos Aires :
_bAriel,
_c2004.
300 _a776 p. ;
_c23 cm.
504 _aIncludes bibliographical references and index.
650 0 _aSocial sciences
_vDictionaries
_xSpanish.
650 0 _aPolitical science
_vDictionaries
_xSpanish.
700 1 _aDi Tella, Torcuato S.,
_d1929-
700 1 _aChumbita, Hugo.
700 1 _aGajardo, Paz.
700 1 _aGamba, Susana.
856 4 0 _3HathiTrust Digital Library
_uhttp://catalog.hathitrust.org/api/volumes/oclc/57566738.html
942 _2lcc
_cbk
994 _aC0
_bDRFGD
999 _c107946
_d107946